QCM Football - Statistiques

Statistiques générales
  • Ce quiz a été pris 46 fois
  • Le résultat moyen est 8 sur 15
Statistiques - réponses
Question Réponse % Correct
Quel joueur a fait sa carrière professionnelle dans un seul club ? Francesco Totti
95%
Comment s'appelle la deuxième division anglaise ? Championship
93%
Quel règle de la ligue des champions a récemment été supprimé ? Le but à l'extérieur en cas d'égalité
88%
Quel joueur manque son face à face face à Iker Casillas en finale de coupe du monde 2010 ? Arjen Robben
58%
Avec quel club Sadio Mané a inscrit un triplé en 2 minutes 56 ? Southampton
58%
Parmis ces joueurs lequel n'a pas remporté de ligue des champions ? Ronaldo (R9)
56%
Avec quel club Didier Deschamps n'a pas disputé de finale des champions ? Chelsea
51%
Pourquoi Zinedine zidane à écopé d'un carton rouge lors du match contre l'Arabie saoudite en 1998 ? Il a laissé traîné ses crampons sur un joueur
49%
Quel pays n'a jamais organisé de coupe du monde ? Norvège
47%
Contre laquelle de ces équipes là France a perdu le match de la troisièmes place à la coupe du monde 1982 ? Pologne
42%
Contre quel équipe la France a remporté la finale de la coupe des confédérations 2003 ? Cameroun
35%
Quel joueur français n'a jamais marqué en coupe du monde ? Robert Pires
35%
Contre quel équipe cela s'est déroulé ? Aston Villa
30%
Combien de demi finale la France a t'elle disputé dans son histoire ? (En coupe du monde) 7
28%
Nottingham forest à remporté la ligue des champions en quel année ? 1980
7%
Aucun quiz correspondant
Distribution des résultats
% des personnes avec chaque résultat
Percentile par nombre de réponses
Votre historique - résultats
Vous n’avez pas pris ce quiz